[Event "BL2-West 1314"]
[Site "Germany"]
[Date "2014.01.19"]
[Round "5.1"]
[White "Dranov, Aleksandar"]
[Black "Nyzhnyk, Illya"]
[Result "0-1"]
[WhiteElo "2463"]
[BlackElo "2625"]
[PlyCount "86"]
[EventDate "2013.10.13"]
[EventType "team-tourn"]
[EventRounds "9"]
[EventCountry "GER"]
[SourceTitle "EXT 2015"]
[Source "ChessBase"]
[SourceDate "2014.11.20"]
[SourceVersion "1"]
[SourceVersionDate "2014.11.20"]
[SourceQuality "1"]
[WhiteTeam "Godesberg"]
[BlackTeam "Koeln Porz"]
[WhiteTeamCountry "GER"]
[BlackTeamCountry "GER"]

1. e4 c5 2. c3 Nf6 3. e5 Nd5 4. d4 cxd4 5. cxd4 d6 6. Nf3 Nc6 7. Bc4 dxe5 8. dxe5 Ndb4 9. Qxd8+ Nxd8 10. Na3 a6 11. 0-0 Bg4 12. Nd4 e6 13. Bd2 Nbc6 14. Nxc6 Nxc6 15. Rfe1 Rd8 16. Bc3 Bc5 17. Nc2 b5 18. b4 Bb6 19. Bf1 Bf5 20. Ne3 Bd3 21. a4 Bxf1 22. Kxf1 Kd7 23. axb5 axb5 24. Nc2 Kc7 25. Na3 Rd5 26. Red1 Rhd8 27. Rxd5 Rxd5 28. Rc1 Kb7 29. Ke2 Nxe5 30. f4 Ng6 31. g3 f6 32. Nc2 e5 33. fxe5 Nxe5 34. Ne3 Bxe3 35. Kxe3 Nc4+ 36. Ke4 Kc6 37. g4 h5 38. gxh5 Rxh5 39. Rg1 Nd6+ 40. Kd3 Nf5 41. Ke4 Kd6 42. Re1 Ke6 43. h4 Nxh4 0-1

[Event "BL2-West 1213"]
[Site "Germany"]
[Date "2013.04.14"]
[Round "9.2"]
[White "Dranov, Aleksandar"]
[Black "Zatonskih, Anna"]
[Result "1/2-1/2"]
[WhiteElo "2465"]
[BlackElo "2512"]
[PlyCount "53"]
[EventDate "2012.10.14"]
[EventType "team-tourn"]
[EventRounds "9"]
[EventCountry "GER"]
[SourceTitle "CBM 154 Extra"]
[Source "ChessBase"]
[SourceDate "2013.06.25"]
[SourceVersion "2"]
[SourceVersionDate "2013.06.25"]
[SourceQuality "1"]
[WhiteTeam "Godesberg"]
[BlackTeam "Bochum SV"]
[WhiteTeamCountry "GER"]
[BlackTeamCountry "GER"]

1. d4 d5 2. Nf3 Nf6 3. Bg5 c6 4. e3 Qb6 5. Nbd2 Qxb2 6. Bd3 Nbd7 7. 0-0 e6 8. a4 Qb6 9. c4 Be7 10. Qc2 Qd8 11. a5 h6 12. Bf4 0-0 13. a6 c5 14. Ne5 cxd4 15. exd4 Nxe5 16. Bxe5 dxc4 17. Nxc4 b6 18. Qe2 Bd7 19. Ne3 Bc6 20. Rac1 Rc8 21. Ng4 Qd5 22. Nxf6+ Bxf6 23. Rxc6 Qxc6 24. Bxf6 gxf6 25. Qg4+ Kh8 26. Qf4 Kg7 27. Qg4+ 1/2-1/2

[Event "BL2-West 1213"]
[Site "Germany"]
[Date "2013.02.03"]
[Round "6.1"]
[White "Van Wely, Loek"]
[Black "Dranov, Aleksandar"]
[Result "1/2-1/2"]
[WhiteElo "2688"]
[BlackElo "2465"]
[PlyCount "57"]
[EventDate "2012.10.14"]
[EventType "team-tourn"]
[EventRounds "9"]
[EventCountry "GER"]
[SourceTitle "CBM 154 Extra"]
[Source "ChessBase"]
[SourceDate "2013.06.25"]
[SourceVersion "2"]
[SourceVersionDate "2013.06.25"]
[SourceQuality "1"]
[WhiteTeam "Koeln Porz"]
[BlackTeam "Godesberg"]
[WhiteTeamCountry "GER"]
[BlackTeamCountry "GER"]

1. d4 d5 2. c4 c6 3. Nf3 Nf6 4. Qc2 g6 5. Bf4 Bg7 6. e3 0-0 7. Nc3 Bf5 8. Qb3 Qb6 9. Qxb6 axb6 10. cxd5 Nxd5 11. Nxd5 cxd5 12. Kd2 Rc8 13. Bd3 Bxd3 14. Kxd3 Nc6 15. a3 f6 16. Bg3 e5 17. Nd2 f5 18. dxe5 Bxe5 19. Rab1 Bxg3 20. hxg3 Ne5+ 21. Ke2 Rc2 22. Rhc1 Rac8 23. Rxc2 Rxc2 24. Kd1 Rc8 25. f3 Re8 26. Ke2 Rc8 27. Kd1 Re8 28. Kc2 Rc8+ 29. Kd1 1/2-1/2

[Event "BL2-West 1213"]
[Site "Germany"]
[Date "2012.11.25"]
[Round "3.3"]
[White "Dranov, Aleksandar"]
[Black "Zelbel, Patrick"]
[Result "1/2-1/2"]
[WhiteElo "2465"]
[BlackElo "2368"]
[PlyCount "53"]
[EventDate "2012.10.14"]
[EventType "team-tourn"]
[EventRounds "9"]
[EventCountry "GER"]
[SourceTitle "CBM 154 Extra"]
[Source "ChessBase"]
[SourceDate "2013.06.25"]
[SourceVersion "2"]
[SourceVersionDate "2013.06.25"]
[SourceQuality "1"]
[WhiteTeam "Godesberg"]
[BlackTeam "Dortmund Hansa"]
[WhiteTeamCountry "GER"]
[BlackTeamCountry "GER"]

1. c4 c5 2. Nf3 Nc6 3. g3 g6 4. Bg2 Bg7 5. Nc3 e6 6. 0-0 Nge7 7. e3 0-0 8. d4 cxd4 9. Nxd4 d5 10. cxd5 Nxd4 11. exd4 Nxd5 12. Qb3 Qb6 13. Nxd5 exd5 14. Bxd5 Qxb3 15. axb3 Rd8 16. Bc4 Be6 17. Bxe6 fxe6 18. Be3 Bxd4 19. Bxd4 Rxd4 20. Rfd1 Rxd1+ 21. Rxd1 Rf8 22. Kg2 Kg7 23. f4 Rf7 24. Rd6 Kf6 25. Kf3 g5 26. Rd2 Ke7 27. Rd4 1/2-1/2

[Event "BL2-West 1112"]
[Site "Germany"]
[Date "2011.10.02"]
[Round "1.1"]
[White "Dranov, Aleksandar"]
[Black "Van Wely, Loek"]
[Result "1/2-1/2"]
[WhiteElo "2446"]
[BlackElo "2689"]
[PlyCount "76"]
[EventDate "2011.10.02"]
[EventType "team-tourn"]
[EventRounds "9"]
[EventCountry "GER"]
[SourceTitle "EXT 2015"]
[Source "ChessBase"]
[SourceDate "2014.11.20"]
[SourceVersion "1"]
[SourceVersionDate "2014.11.20"]
[SourceQuality "1"]
[WhiteTeam "Godesberg"]
[BlackTeam "Koeln Porz"]
[WhiteTeamCountry "GER"]
[BlackTeamCountry "GER"]

1. d4 Nf6 2. Nf3 g6 3. g3 Bg7 4. Bg2 0-0 5. 0-0 d6 6. Nc3 Nbd7 7. e4 e5 8. Be3 c6 9. a4 Ng4 10. Bc1 a5 11. h3 Ngf6 12. Be3 Qc7 13. Re1 Re8 14. Qd2 exd4 15. Bxd4 Ne5 16. Nxe5 dxe5 17. Be3 Nd7 18. Rad1 Nf8 19. f4 Ne6 20. Qf2 Qe7 21. f5 Nd4 22. Nb1 b5 23. c3 Nb3 24. axb5 cxb5 25. Nd2 Nxd2 26. Rxd2 Bb7 27. Red1 Bc6 28. Bc5 Qb7 29. Qe3 b4 30. cxb4 axb4 31. g4 Rec8 32. Rf2 Ba4 33. Rd6 Bc6 34. Rd1 gxf5 35. exf5 Bxg2 36. Rxg2 Ra6 37. Bd6 e4 38. Rgd2 Bf6 1/2-1/2

[Event "GER-ch 82nd"]
[Site "Bonn"]
[Date "2011.05.31"]
[Round "6"]
[White "Dranov, Aleksandar"]
[Black "Jugelt, Tobias"]
[Result "0-1"]
[WhiteElo "2465"]
[BlackElo "2403"]
[PlyCount "82"]
[EventDate "2011.05.26"]
[EventType "swiss"]
[EventRounds "9"]
[EventCountry "GER"]
[SourceTitle "CBM 142 Extra"]
[Source "ChessBase"]
[SourceDate "2011.06.27"]
[SourceVersion "1"]
[SourceVersionDate "2011.06.27"]
[SourceQuality "1"]

1. e4 Nf6 2. Nc3 d5 3. e5 Ne4 4. Nce2 f6 5. d3 Ng5 6. Bxg5 fxg5 7. h4 e6 8. hxg5 Qxg5 9. Nf3 Qe7 10. Qd2 c5 11. Nf4 Qf7 12. d4 c4 13. Be2 Be7 14. 0-0-0 Nc6 15. Rh2 Bd7 16. Ng5 Bxg5 17. Bh5 g6 18. Bxg6 Qxg6 19. Nxg6 Bxd2+ 20. Rxd2 Rg8 21. Rxh7 0-0-0 22. Rh6 Rde8 23. Rd1 Ne7 24. Nf4 Ref8 25. Rf6 Rxf6 26. exf6 Rf8 27. fxe7 Rxf4 28. Re1 Rf6 29. g4 Be8 30. g5 Rg6 31. f4 Kd7 32. b3 cxb3 33. axb3 Kxe7 34. c4 Bc6 35. Rh1 Rg7 36. Rh4 dxc4 37. bxc4 Be4 38. Rh3 Rf7 39. Rh4 Rh7 40. Rg4 Rh2 41. g6 Rg2 0-1

[Event "Oberliga NRW 1011"]
[Site "Germany"]
[Date "2010.10.24"]
[Round "2.1"]
[White "Komarov, Dimitri"]
[Black "Dranov, Aleksandar"]
[Result "1/2-1/2"]
[WhiteElo "2525"]
[BlackElo "2455"]
[PlyCount "53"]
[EventDate "2010.09.26"]
[EventType "team-tourn"]
[EventRounds "9"]
[EventCountry "GER"]
[SourceTitle "EXT 2012"]
[Source "ChessBase"]
[SourceDate "2011.11.24"]
[SourceVersion "1"]
[SourceVersionDate "2011.11.24"]
[SourceQuality "1"]
[WhiteTeam "Aachen Aufwaerts"]
[BlackTeam "Godesberg"]
[WhiteTeamCountry "GER"]
[BlackTeamCountry "GER"]

1. d4 d5 2. c4 c6 3. Nc3 Nf6 4. e3 g6 5. Nf3 Bg7 6. Be2 0-0 7. 0-0 Qb6 8. Bd2 Bg4 9. cxd5 Nxd5 10. h3 Nxc3 11. bxc3 Bf5 12. Ng5 c5 13. e4 Bc8 14. Be3 Nd7 15. e5 h6 16. Ne4 f5 17. exf6 exf6 18. dxc5 Qa5 19. Nd6 Ne5 20. Qb3+ Kh7 21. Nxb7 Qc7 22. Nd6 Rb8 23. Qa3 Bd7 24. Bd4 Bc6 25. f4 Nf7 26. Bc4 Bxg2 27. Nxf7 1/2-1/2

[Event "BL2-West 0910"]
[Site "Germany"]
[Date "2010.03.21"]
[Round "8.2"]
[White "Braun, Christian"]
[Black "Dranov, Aleksandar"]
[Result "0-1"]
[WhiteElo "2342"]
[BlackElo "2447"]
[PlyCount "166"]
[EventDate "2009.10.18"]
[EventType "team-tourn"]
[EventRounds "9"]
[EventCountry "GER"]
[SourceTitle "EXT 2011"]
[Source "ChessBase"]
[SourceDate "2010.11.26"]
[SourceVersion "1"]
[SourceVersionDate "2010.11.26"]
[SourceQuality "1"]
[WhiteTeam "Aachen"]
[BlackTeam "Godesberg"]
[WhiteTeamCountry "GER"]
[BlackTeamCountry "GER"]

1. e4 d5 2. exd5 Qxd5 3. Nc3 Qd6 4. d4 Nf6 5. Nf3 c6 6. Ne5 Nbd7 7. Nc4 Qc7 8. Qf3 Nb6 9. Ne5 Be6 10. Bf4 Nbd5 11. Ng6 Nxf4 12. Nxf4 Bg4 13. Qe3 e6 14. h3 Bd6 15. Nd3 Bf5 16. Be2 0-0 17. 0-0 Nd5 18. Nxd5 exd5 19. Rfe1 Rae8 20. Qd2 Re4 21. c3 Rfe8 22. Bf3 Rxe1+ 23. Rxe1 Rxe1+ 24. Nxe1 Qe7 25. Qe2 Kf8 26. Qxe7+ Kxe7 27. Be2 Bb1 28. a4 Bf4 29. Nd3 Bd2 30. Nc5 Bc1 31. b3 Bb2 32. c4 b6 33. Nd3 Bxd4 34. cxd5 c5 35. Ne1 Kd6 36. Bc4 Be4 37. Kf1 Bxd5 38. Ke2 Bc3 39. Bxd5 Kxd5 40. Nc2 Bd4 41. f3 c4 42. Nb4+ Kd6 43. Nc2 Kc5 44. b4+ Kd5 45. Kd2 h5 46. Na3 a6 47. Nc2 Bg1 48. Kc3 g6 49. Kd2 Ke5 50. Ke2 g5 51. Kf1 Bd4 52. Ke2 Bb2 53. Kd2 Kf4 54. Ke2 Kg3 55. Kf1 Bc3 56. Na3 Bxb4 57. Nxc4 Bc5 58. Ne5 f5 59. Nd7 Bd4 60. Nb8 b5 61. axb5 axb5 62. Nc6 Bc3 63. Kg1 g4 64. hxg4 fxg4 65. fxg4 hxg4 66. Kf1 Kf4 67. Kf2 Ke4 68. Ke2 Kd5 69. Ne7+ Kc4 70. Nf5 Kb3 71. Kd3 b4 72. g3 Be5 73. Ne3 Ka2 74. Ke4 Bg7 75. Nc4 Kb3 76. Kd3 Bf6 77. Ne3 Ka2 78. Nc4 Bd8 79. Nd2 Bc7 80. Ne4 b3 81. Nc3+ Ka1 82. Nd1 Bxg3 83. Kc3 b2 0-1

[Event "BL2-West 0809"]
[Site "Germany"]
[Date "2009.02.01"]
[Round "6.3"]
[White "Dranov, Aleksandar"]
[Black "Doncevic, Dario"]
[Result "1-0"]
[WhiteElo "2435"]
[BlackElo "2320"]
[PlyCount "103"]
[EventDate "2008.10.05"]
[EventType "team-tourn"]
[EventRounds "9"]
[EventCountry "GER"]
[SourceTitle "CBM 129 Extra"]
[Source "ChessBase"]
[SourceDate "2009.05.05"]
[SourceVersion "2"]
[SourceVersionDate "2009.05.20"]
[SourceQuality "1"]
[WhiteTeam "Godesberg"]
[BlackTeam "Koblenz"]
[WhiteTeamCountry "GER"]
[BlackTeamCountry "GER"]

1. e4 c5 2. Nf3 Nc6 3. d4 cxd4 4. Nxd4 g6 5. c4 Bg7 6. Be3 Nf6 7. Nc3 0-0 8. Be2 b6 9. 0-0 Bb7 10. f3 Qb8 11. Qd2 Rd8 12. Rfd1 d6 13. Rac1 Rd7 14. Nxc6 Bxc6 15. b4 Rb7 16. a4 Bd7 17. Qa2 Be6 18. Nd5 Qd8 19. Nf4 Bh6 20. Qa3 Bd7 21. c5 dxc5 22. e5 Bxf4 23. Bxf4 Nh5 24. Bg5 Qe8 25. bxc5 bxc5 26. a5 Bb5 27. Bxb5 Qxb5 28. Rxc5 Qe2 29. Qd3 Qxd3 30. Rxd3 f6 31. Be3 fxe5 32. Rxe5 Rc8 33. Rd2 Rc6 34. g4 Nf6 35. Rc5 Rxc5 36. Bxc5 a6 37. Rd8+ Kf7 38. Ra8 Nd7 39. Bf2 Ne5 40. Rxa6 Nxf3+ 41. Kg2 Ne5 42. Rb6 Rc7 43. a6 Nxg4 44. Bd4 Rc2+ 45. Kg3 Ra2 46. Rc6 Nh6 47. Kf4 Nf5 48. Bc5 Ke8 49. Rc8+ Kd7 50. Ra8 Nd6 51. a7 Nc8 52. Rb8 1-0

[Event "Bundesliga 0708"]
[Site "Germany"]
[Date "2007.12.09"]
[Round "6.6"]
[White "Dranov, Aleksandar"]
[Black "Kalinitschew, Sergey"]
[Result "0-1"]
[WhiteElo "2439"]
[BlackElo "2489"]
[PlyCount "71"]
[EventDate "2007.10.20"]
[EventType "team-tourn"]
[EventRounds "15"]
[EventCountry "GER"]
[SourceTitle "CBM 123"]
[Source "ChessBase"]
[SourceDate "2008.04.02"]
[SourceVersion "1"]
[SourceVersionDate "2008.04.02"]
[SourceQuality "1"]
[WhiteTeam "Godesberg"]
[BlackTeam "Kreuzberg"]
[WhiteTeamCountry "GER"]
[BlackTeamCountry "GER"]

1. e4 c5 2. Nf3 Nc6 3. d4 cxd4 4. Nxd4 e5 5. Nb5 d6 6. N1c3 a6 7. Na3 Be6 8. Nc4 Rb8 9. Bd3 Nf6 10. Bg5 Be7 11. 0-0 0-0 12. Ne3 Rc8 13. Bxf6 Bxf6 14. Ncd5 Bg5 15. c3 Ne7 16. Qh5 Nxd5 17. Nxd5 g6 18. Qd1 Bxd5 19. exd5 f5 20. Qb3 Rf7 21. Rfe1 h5 22. f3 h4 23. g3 hxg3 24. hxg3 Bd2 25. Re2 Qg5 26. Kf2 e4 27. Qd1 e3+ 28. Kg2 f4 29. g4 Rh7 30. Qg1 Qh4 31. Kf1 Qh3+ 32. Qg2 Qh1+ 33. Qxh1 Rxh1+ 34. Kg2 Rxa1 35. Bxg6 Kg7 36. Bh5 0-1

[Event "NRW Class2 0708"]
[Site "Germany"]
[Date "2007.10.14"]
[Round "2.2"]
[White "Dranov, Aleksandar"]
[Black "Berg, Michael"]
[Result "1-0"]
[WhiteElo "2440"]
[BlackElo "2339"]
[PlyCount "75"]
[EventDate "2007.09.16"]
[EventType "team"]
[EventRounds "9"]
[EventCountry "GER"]
[SourceTitle "EXT 2009"]
[Source "ChessBase"]
[SourceDate "2008.11.26"]
[SourceVersion "1"]
[SourceVersionDate "2008.11.26"]
[SourceQuality "1"]
[WhiteTeam "Godesberg II"]
[BlackTeam "Solingen III"]
[WhiteTeamCountry "GER"]
[BlackTeamCountry "GER"]

1. e4 c6 2. d4 d5 3. Nc3 dxe4 4. Nxe4 Bf5 5. Ng3 Bg6 6. h4 h6 7. Nf3 Nd7 8. h5 Bh7 9. Bd3 Bxd3 10. Qxd3 e6 11. Bd2 Ngf6 12. 0-0-0 Qc7 13. Kb1 Be7 14. Ne4 c5 15. Nxf6+ Nxf6 16. Ne5 Rd8 17. Qb5+ Kf8 18. Bf4 Qb6 19. Qxb6 axb6 20. dxc5 Rxd1+ 21. Rxd1 bxc5 22. c4 Nxh5 23. Nd7+ Ke8 24. Be3 Nf6 25. Nxc5 Bxc5 26. Bxc5 h5 27. Rd3 Rh6 28. Rb3 Rg6 29. Rxb7 Rxg2 30. a4 Ne4 31. Bb4 h4 32. a5 h3 33. a6 h2 34. a7 Nc3+ 35. Bxc3 Rg1+ 36. Kc2 Ra1 37. Rb8+ Kd7 38. Rh8 1-0

[Event "Oberliga NRW 0607"]
[Site "Germany"]
[Date "2006.10.29"]
[Round "2.1"]
[White "Cuijpers, Frans Andre"]
[Black "Dranov, Aleksandar"]
[Result "0-1"]
[WhiteElo "2510"]
[BlackElo "2384"]
[PlyCount "108"]
[EventDate "2006.09.17"]
[EventType "team-tourn"]
[EventRounds "9"]
[EventCountry "GER"]
[SourceTitle "EXT 2007"]
[Source "ChessBase"]
[SourceDate "2006.11.23"]
[SourceVersion "1"]
[SourceVersionDate "2006.11.23"]
[SourceQuality "1"]
[WhiteTeam "Muenster"]
[BlackTeam "Godesberg II"]
[WhiteTeamCountry "GER"]
[BlackTeamCountry "GER"]

1. e4 c5 2. Nf3 d6 3. d4 cxd4 4. Nxd4 Nf6 5. Nc3 Nc6 6. Bg5 e6 7. Qd2 Be7 8. 0-0-0 0-0 9. f4 d5 10. e5 Nd7 11. Bxe7 Qxe7 12. Kb1 Nb6 13. Be2 Bd7 14. Rhf1 Rac8 15. Ndb5 a6 16. Nd6 Rc7 17. Bd3 Nc8 18. Nxc8 Rfxc8 19. Rf3 Nb4 20. Rh3 h6 21. Bf1 Bb5 22. Bxb5 axb5 23. a3 Na6 24. f5 Qg5 25. Qxg5 hxg5 26. Rg3 b4 27. axb4 Nxb4 28. Rxg5 Rc4 29. fxe6 fxe6 30. Rf1 Rh4 31. h3 d4 32. Nb5 Rxc2 33. Nd6 Re2 34. b3 Rf4 35. Rxf4 Re1+ 36. Kb2 Nd3+ 37. Kc2 Nxf4 38. Rg4 d3+ 39. Kd2 Re2+ 40. Kc1 Nd5 41. Ne4 Ne3 42. Rg3 Nf1 43. Nf6+ Kf7 44. Rxd3 gxf6 45. Rf3 Nd2 46. Rxf6+ Ke7 47. Rg6 Nxb3+ 48. Kd1 Rd2+ 49. Ke1 b5 50. Rg3 Rb2 51. h4 Nd4 52. h5 Re2+ 53. Kd1 Rxe5 54. Rg7+ Kf8 0-1

[Event "BL2-West 0607"]
[Site "Germany"]
[Date "2006.10.15"]
[Round "1.8"]
[White "Dranov, Aleksandar"]
[Black "Michalczak, Thomas"]
[Result "1-0"]
[WhiteElo "2384"]
[BlackElo "2342"]
[PlyCount "81"]
[EventDate "2006.10.15"]
[EventType "team-tourn"]
[EventRounds "9"]
[EventCountry "GER"]
[SourceTitle "EXT 2007"]
[Source "ChessBase"]
[SourceDate "2006.11.23"]
[SourceVersion "1"]
[SourceVersionDate "2006.11.23"]
[SourceQuality "1"]
[WhiteTeam "Godesberg"]
[BlackTeam "Plettenberg"]
[WhiteTeamCountry "GER"]
[BlackTeamCountry "GER"]

1. e4 e5 2. Nf3 Nc6 3. Bb5 a6 4. Ba4 Nf6 5. 0-0 Be7 6. Re1 b5 7. Bb3 0-0 8. a4 b4 9. d4 d6 10. c3 bxc3 11. bxc3 Bg4 12. Be3 d5 13. exd5 exd4 14. Bxd4 Bxf3 15. Qxf3 Nxd4 16. cxd4 Bb4 17. Nc3 Bxc3 18. Qxc3 Nxd5 19. Qc5 Nf4 20. Re4 Rb8 21. Bc4 Qf6 22. Rae1 Ne6 23. Bxe6 fxe6 24. f3 Rb2 25. Qc3 Rb6 26. Qxc7 Rb4 27. a5 Rxd4 28. Rxe6 Qg5 29. Re8 Qf5 30. Qc6 Rd8 31. Rxd8 Rxd8 32. Re8+ Rxe8 33. Qxe8+ Qf8 34. Qxf8+ Kxf8 35. Kf2 Ke7 36. Ke3 Kd6 37. Kd4 Kc6 38. Kc4 g5 39. g3 Kd6 40. Kd4 Kc6 41. Ke5 1-0

[Event "NRW Class1 0506"]
[Site "Germany"]
[Date "2006.05.07"]
[Round "9.1"]
[White "Straub, Natalia"]
[Black "Dranov, Aleksandar"]
[Result "0-1"]
[WhiteElo "2300"]
[BlackElo "2374"]
[PlyCount "72"]
[EventDate "2005.09.25"]
[EventType "team"]
[EventRounds "9"]
[EventCountry "GER"]
[SourceTitle "EXT 2006"]
[Source "ChessBase"]
[SourceDate "2005.11.24"]
[SourceVersion "1"]
[SourceVersionDate "2005.11.24"]
[SourceQuality "1"]
[WhiteTeam "Gesch"]
[BlackTeam "Godesberg II"]
[WhiteTeamCountry "GER"]
[BlackTeamCountry "GER"]

1. d4 Nf6 2. c4 e6 3. Nf3 b6 4. g3 Ba6 5. Nbd2 c5 6. e4 cxd4 7. e5 Ng4 8. h3 Nh6 9. Bg2 Bb7 10. 0-0 Bc5 11. Nb3 Nf5 12. Nxc5 bxc5 13. Nxd4 Nxd4 14. Bxb7 Nbc6 15. Bxa8 Qxa8 16. f4 0-0 17. b3 a5 18. Be3 Rd8 19. Bxd4 Nxd4 20. Qd3 d6 21. Rad1 a4 22. bxa4 Qxa4 23. exd6 Rxd6 24. Rb1 Rd8 25. Rb2 g6 26. Rfb1 Qa8 27. Kf2 Kg7 28. Qe3 Rd7 29. Qe5+ f6 30. Qe3 Ra7 31. Rb8 Rxa2+ 32. R1b2 Rxb2+ 33. Rxb2 Qh1 34. Qa3 Qxh3 35. Rb7+ Kh6 36. Qxc5 Qh2+ 0-1